00563cam a2200121Ia 4500040000800000082002600008245004900034260005700083300002700140500001600167500024300183650001500426 cRQF a635 USD 1996 C145 Or.00aGrowing vegetables in the Appalachian Region aWashington, D.C. :bU.S. Dept. of Agriculture,c1966 a22 p. :bill. ;c23 cm aCover title a"Information for this publication was drawn from publications of Crops Research Division, Agricultural Research Service, and from consultations with county agriculture agents and staff members of state agencies of the Appalachian region." 0aVegetables